| 000 | 00810nam a2200217Ia 4500 | ||
|---|---|---|---|
| 999 |
_c39517 _d39517 |
||
| 001 | 6113 | ||
| 003 | GE_BSU | ||
| 005 | 20190925174119.0 | ||
| 008 | 181216s1971||||ge |||||||||||||| ||geo|| | ||
| 040 | _cGE_BSU | ||
| 041 | _ageo | ||
| 080 | _a821.353.1-1 ა-95 | ||
| 100 |
_aასათიანი, ლია _94327 |
||
| 245 |
_aშეხვედრა : _bლექსები / _cლია ასათიანი ; რედ. დილარ ივარდავა. |
||
| 264 |
_aთბილისი : _bსაბჭოთა საქართველო ; _c1971. |
||
| 300 |
_a66 გვ.; _c17 სმ. |
||
| 653 | _aშეხვედრა | ||
| 653 | _aლექსები | ||
| 700 |
_aივარდავა, დილარ _eრედაქტორი _94328 |
||
| 942 |
_cBK _2udc |
||